000 00558nam a2200217Ia 4500
003 OSt
005 20220928145317.0
006 a|||||r|||| 00| 0
007 ta
008 220927b |||||||| |||| 00| 0 eng d
024 _a80035
037 _cTextual
040 _aSDCL
_cSDCL
_beng
041 _2eng
_aeng
082 _aO122,2K22:g, K9
100 _aBeaumont Pierre De
_9512500
245 0 _aMoliere
_b La vie et l'oeuvre.
260 _c1969
942 _hO122,2K22:g, K9
_cTEXL
_2CC
999 _c833091
_d833091